Statistiques concernant Personnages Mario quiz

Cliquez ici pour prendre le quiz!

Statistiques générales

  • Ce quiz a été pris 2 397 fois
  • Le résultat moyen est 14 sur 21

Statistiques - réponses

IndicesPersonnages% Correct
Le plombier rougeMario
100%
Le plombier vertLuigi
99%
Princesse du Royaume ChampignonPeach
96%
Loyal serviteur du personnage ci dessus,
porte un chapeau champignon
Toad
93%
Gorille lanceur de tonneauDonkey Kong
92%
Méchant avec un W sur sa casquetteWario
91%
Dinosaure chevauchableYoshi
90%
Frère du personnage ci-dessus?Waluigi
85%
Le principal antagoniste,
également le roi des Koopas
Bowser
83%
Princesse de SarasalandDaisy
80%
Ennemi tortue de baseKoopa Troopa
76%
Ennemi fantôme de baseBoo
75%
Acolyte du personnage ci-dessusDiddy Kong
62%
Ennemi champignonGoomba
46%
Ennemi squelette qui peut se réanimerSkelerex
46%
Ennemi qui monte d'un tuyauPlante {Piranha}
44%
Ennemi chevauchant un nuageLakitu
41%
Ennemi boulet et chaîneChain Chomp
39%
Dinosaure rose qui lance des œufsBirdo
39%
Ennemi en forme de balle{Bill} Balle
38%
Gros bloc qui peut tomber et écraserThwomp
33%

Distribution des résultats

Percentile par nombre de réponses

% des personnes avec chaque résultat

Votre développement - résultats

Vous n’avez pas pris ce quiz